[Event "Deutsche Ländermeisterschaft 2013"]
[Site "Hannover GER"]
[Date "2013.10.05"]
[Round "6"]
[White "Koop, Thorben"]
[Black "Carow, Johannes"]
[Result "0-1"]
[Termination "normal"]
[Board "1.1"]
[WhiteTitle "16"]
[BlackTitle "18"]
[WhiteElo "2223"]
[BlackElo "2355"]
[WhiteTeam "Niedersachsen 1"]
[BlackTeam "Rheinland-Pfalz"]
[WhiteFideId "24661619"]
[BlackFideId "24692050"]
[EventCountry "GER"]
[EventRounds "7"]
[EventType "team-swiss"]
[EventDate "2013.10.02"]

1. g3 c5 2. c4 g6 3. Nf3 Bg7 4. Nc3 Nc6 5. Bg2 e6 6. a3 Nge7 7. b4 d6 8. O-O b6
9. Bb2 Bb7 10. Qb3 O-O 11. Rfd1 Qd7 12. e3 Rac8 13. d3 h6 14. Rab1 Ba8 15. Ne4
f5 16. Nc3 g5 17. Ne2 e5 18. Ne1 Rce8 19. d4 cxd4 20. exd4 e4 21. d5 Ne5 22.
Nd4 N7g6 23. Ne6 Rxe6 24. dxe6 Qxe6 25. Nc2 f4 26. Nd4 Qf7 27. Nb5 e3 28. fxe3
f3 29. Bh3 g4 30. Nxd6 f2+ 31. Kf1 Qf3 32. c5+ Kh8 33. Bxe5 Nxe5 34. e4 gxh3
35. Qxf3 Nxf3 36. Kxf2 Nd2+ 37. Ke3 Nxb1 38. Rxb1 bxc5 39. bxc5 Bc6 40. Rb4 Be5
41. Nf5 Re8 42. Nxh6 Bxg3 43. Nf7+ Kg7 44. Ng5 Bxh2 45. Nxh3 Kf6 46. Nf4 Bxf4+
47. Kxf4 Ke6 48. Rd4 Rf8+ 49. Ke3 Ke5 50. Rd6 Bxe4 51. Ra6 Rf7 52. c6 Bd5 53.
Ra5 Kd6 54. Kd4 Bxc6 55. Kc3 Rb7 56. Kc4 Kc7 57. Kc5 Bd7 58. Ra6 Rb5+ 59. Kc4
Kb7 60. Ra4 a5 61. Kc3 Rh5 62. Rd4 Bc6 63. Rd2 Kb6 64. Kb2 Bb5 65. Rc2 Rh4 66.
Rg2 Rh6 67. Rc2 Bd7 68. Re2 Be6 69. Rc2 Bd5 70. Rc3 Kb5 71. Rg3 Rh2+ 72. Kb1
Ka4 73. Re3 Kb5 74. Rg3 Be4+ 75. Ka1 Kc4 76. a4 Bd5 77. Re3 Kb4 78. Kb1 Kxa4
79. Rg3 Bb3 80. Rg1 Ka3 81. Re1 Rb2+ 82. Kc1 Ra2 83. Re3 Ra1+ 84. Kd2 Kb2 0-1

[Event "Deutsche Ländermeisterschaft 2013"]
[Site "Hannover GER"]
[Date "2013.10.05"]
[Round "6"]
[White "Yankelevich, Lev"]
[Black "Tennert, Simon"]
[Result "1-0"]
[Termination "normal"]
[Board "1.2"]
[WhiteTitle "16"]
[BlackTitle "16"]
[WhiteElo "2197"]
[BlackElo "2163"]
[WhiteTeam "Rheinland-Pfalz"]
[BlackTeam "Niedersachsen 1"]
[WhiteFideId "24684074"]
[BlackFideId "1270445"]
[EventCountry "GER"]
[EventRounds "7"]
[EventType "team-swiss"]
[EventDate "2013.10.02"]

1. e4 c5 2. Nf3 e6 3. d4 cxd4 4. Nxd4 a6 5. Nc3 Qc7 6. Be2 Nf6 7. O-O Bc5 8.
Nb3 Be7 9. f4 d6 10. Be3 O-O 11. Qe1 b5 12. Bf3 Bb7 13. e5 Nfd7 14. exd6 Bxd6
15. Ne4 Be7 16. Qf2 Bd5 17. Rad1 Nc6 18. Nec5 Nf6 19. Nd3 a5 20. a3 Bxf3 21.
Qxf3 Nd5 22. c3 Nxe3 23. Qxe3 a4 24. Nd4 Qa7 25. Nc2 Qxe3+ 26. Nxe3 Rfd8 27.
Kf2 h5 28. g3 Kf8 29. h3 g6 30. Kf3 Ra7 31. Ne5 Nxe5+ 32. fxe5 Rad7 33. Rxd7
Rxd7 34. Rd1 Ke8 35. Ke4 Rxd1 36. Nxd1 Kd7 37. c4 b4 38. axb4 Bxb4 39. Nf2 Kc6
40. Kd3 Bf8 41. Ne4 Bg7 42. Kd4 Bh8 43. Nc3 f5 44. Nxa4 g5 45. b4 h4 46. gxh4
g4 47. hxg4 fxg4 48. b5+ Kd7 49. Nc5+ Ke7 50. Ne4 Kd8 51. c5 Bg7 52. b6 Kd7 53.
b7 Kc7 54. c6 Bf8 55. Ng5 Bh6 56. Nxe6+ Kb8 57. Nc5 Bf8 58. Ke4 1-0

[Event "Deutsche Ländermeisterschaft 2013"]
[Site "Hannover GER"]
[Date "2013.10.05"]
[Round "6"]
[White "Raum, Sebastian"]
[Black "Stahnecker, Ludwig"]
[Result "1-0"]
[Termination "normal"]
[Board "1.3"]
[WhiteTitle "20"]
[BlackTitle "18"]
[WhiteElo "2147"]
[BlackElo "2141"]
[WhiteTeam "Niedersachsen 1"]
[BlackTeam "Rheinland-Pfalz"]
[WhiteFideId "24673935"]
[BlackFideId "24692026"]
[EventCountry "GER"]
[EventRounds "7"]
[EventType "team-swiss"]
[EventDate "2013.10.02"]

1. e4 e5 2. Nf3 Nc6 3. Bb5 a6 4. Ba4 Nf6 5. O-O Be7 6. Re1 b5 7. Bb3 d6 8. c3
O-O 9. h3 Na5 10. Bc2 c5 11. d4 Qc7 12. Nbd2 Re8 13. Nf1 Bd7 14. Ne3 Bf8 15. d5
c4 16. b4 cxb3 17. axb3 Nb7 18. Bb2 g6 19. Nd2 Nh5 20. Qf3 Nf4 21. b4 a5 22. h4
Bg7 23. g3 Nh5 24. Bd3 Nf6 25. Qe2 axb4 26. cxb4 Qb6 27. Nd1 Rxa1 28. Bxa1 Bh6
29. Nb3 Rc8 30. Kg2 Ne8 31. Nc3 f5 32. exf5 gxf5 33. Qh5 Bg7 34. Bxf5 Nf6 35.
Qg5 Bxf5 36. Qxf5 Rf8 37. Qc2 Ng4 38. Ne4 Nd8 39. Qe2 Nf6 40. Nxf6+ Rxf6 41.
Nd2 Rf7 42. Ne4 Rc7 43. Qd3 Nf7 44. Bc3 Rc4 45. Ra1 Qb7 46. Ra5 h6 47. f3 Kf8
48. Nd2 Rc8 49. Ne4 Rc4 50. g4 Ke7 51. Kf1 Nh8 52. h5 Nf7 53. Ke2 Qc7 54. Rxb5
Ng5 55. Nxg5 Rxc3 56. Ne6 e4 57. Qxe4 Rc2+ 58. Kf1 Rc1+ 59. Kg2 Qc2+ 60. Qxc2
Rxc2+ 61. Kg3 Be5+ 62. f4 Bc3 63. g5 hxg5 64. fxg5 Be5+ 65. Kg4 Rg2+ 66. Kf5
Rf2+ 67. Kg6 Bc3 68. h6 Rh2 69. h7 Rg2 70. Rb7+ Ke8 71. Ng7+ Bxg7 72. Rxg7 1-0

[Event "Deutsche Ländermeisterschaft 2013"]
[Site "Hannover GER"]
[Date "2013.10.05"]
[Round "6"]
[White "Perske, Thore"]
[Black "Düssler, Stefanie"]
[Result "1-0"]
[Termination "normal"]
[Board "1.4"]
[WhiteTitle "14"]
[BlackTitle "18w"]
[WhiteElo "2150"]
[BlackElo "2036"]
[WhiteTeam "Rheinland-Pfalz"]
[BlackTeam "Niedersachsen 1"]
[WhiteFideId "12902195"]
[BlackFideId "4634780"]
[EventCountry "GER"]
[EventRounds "7"]
[EventType "team-swiss"]
[EventDate "2013.10.02"]

1. e4 c5 2. Nf3 e6 3. d4 cxd4 4. Nxd4 Nc6 5. Nc3 Qc7 6. Be2 a6 7. O-O Nf6 8.
Be3 Bb4 9. Na4 Be7 10. Nxc6 bxc6 11. Nb6 Rb8 12. Nxc8 Qxc8 13. e5 Nd5 14. Bc1
c5 15. Bc4 Nb4 16. c3 Nc6 17. Qe2 Rb6 18. f4 f6 19. exf6 Bxf6 20. Qh5+ g6 21.
Qxc5 Qb7 22. a4 Ne7 23. Qf2 O-O 24. a5 Rc6 25. Bd3 d5 26. Be3 Nf5 27. Bb6 Nd6
28. Qe2 Nc4 29. Bxc4 dxc4 30. Rad1 Re8 31. Qf3 Be7 32. Kh1 Qc8 33. Rd4 Rf8 34.
Rfd1 Kh8 35. Rd7 Bf6 36. Ra7 e5 37. Rdd7 exf4 38. Qd5 1-0

[Event "Deutsche Ländermeisterschaft 2013"]
[Site "Hannover GER"]
[Date "2013.10.05"]
[Round "6"]
[White "Bruns, Kai-Christian"]
[Black "Carow, Annelen"]
[Result "0-1"]
[Termination "normal"]
[Board "1.5"]
[WhiteTitle "14"]
[BlackTitle "20w"]
[WhiteElo "1806"]
[BlackElo "1997"]
[WhiteTeam "Niedersachsen 1"]
[BlackTeam "Rheinland-Pfalz"]
[WhiteFideId "12938025"]
[BlackFideId "24692492"]
[EventCountry "GER"]
[EventRounds "7"]
[EventType "team-swiss"]
[EventDate "2013.10.02"]

1. Nf3 Nf6 2. g3 b5 3. Bg2 Bb7 4. O-O e6 5. d3 c5 6. e4 d6 7. Nbd2 Be7 8. a4 a6
9. Re1 Nc6 10. c3 O-O 11. Nf1 Rc8 12. h3 Qc7 13. Qe2 Rfd8 14. Bf4 Ne5 15. axb5
axb5 16. N3d2 Ng6 17. Be3 Qd7 18. f4 Ne8 19. Nb3 f5 20. exf5 exf5 21. Ra7 Rc7
22. Bxb7 Rxb7 23. Rxb7 Qxb7 24. Bf2 Qd7 25. d4 c4 26. Nbd2 Nf6 27. Nh2 Re8 28.
Qf3 d5 29. g4 Ne4 30. Nxe4 fxe4 31. Qe3 Bd6 32. Bg3 Qc7 33. Nf3 Nxf4 34. Bxf4
Bxf4 35. Qf2 Bg3 36. Qe2 Bxe1 37. Qxe1 Qa7 38. Nh4 Ra8 39. Kg2 Qa1 40. Qxa1
Rxa1 41. Nf5 Ra7 42. Kg3 Kf7 0-1

[Event "Deutsche Ländermeisterschaft 2013"]
[Site "Hannover GER"]
[Date "2013.10.05"]
[Round "6"]
[White "Schwarz, Larissa"]
[Black "Diederichs, Luise"]
[Result "1/2-1/2"]
[Termination "normal"]
[Board "1.6"]
[WhiteTitle "16w"]
[BlackTitle "16w"]
[WhiteElo "1930"]
[BlackElo "1932"]
[WhiteTeam "Rheinland-Pfalz"]
[BlackTeam "Niedersachsen 1"]
[WhiteFideId "24699004"]
[BlackFideId "24661597"]
[EventCountry "GER"]
[EventRounds "7"]
[EventType "team-swiss"]
[EventDate "2013.10.02"]

1. e4 c5 2. Nf3 d6 3. d4 cxd4 4. Nxd4 Nf6 5. Nc3 Nc6 6. Bc4 e5 7. Nf3 h6 8. h3
Be7 9. Be3 a6 10. a4 Bd7 11. O-O O-O 12. Qe2 Be6 13. Nd5 Bxd5 14. Bxd5 Nxd5 15.
exd5 Nb8 16. Nd2 f5 17. f3 Nd7 18. Nc4 b6 19. a5 b5 20. Nb6 Nxb6 21. Bxb6 Qd7
22. Rfc1 Bg5 23. Be3 Bxe3+ 24. Qxe3 Rfc8 25. b3 Qa7 26. Qxa7 Rxa7 27. c4 Rac7
28. Rab1 Rc5 29. Kf2 bxc4 30. Rxc4 Rxc4 31. bxc4 Rxc4 32. Rb6 Rc5 33. Rxd6 Rxa5
34. Re6 Rxd5 35. Rxa6 Kf7 36. Ra2 Ke6 37. Ke3 Rd6 38. Ra3 g5 39. Ra2 f4+ 40.
Ke2 Rb6 41. Rd2 Kf5 42. Kf2 h5 43. Re2 Rb5 44. Rd2 g4 45. hxg4+ hxg4 46. Ke2 e4
47. fxe4+ Kxe4 48. Rd1 Rb2+ 49. Kf1 f3 50. gxf3+ Kxf3 51. Ra1 Rb3 52. Kg1 Kg3
53. Rc1 Kh3 54. Ra1 g3 55. Rc1 Ra3 56. Rb1 g2 1/2-1/2

[Event "Deutsche Ländermeisterschaft 2013"]
[Site "Hannover GER"]
[Date "2013.10.05"]
[Round "6"]
[White "Laubrock, Paul"]
[Black "Muckle, Julius"]
[Result "0-1"]
[Termination "normal"]
[Board "1.7"]
[WhiteTitle "12"]
[BlackTitle "12"]
[WhiteElo "1752"]
[BlackElo "1829"]
[WhiteTeam "Niedersachsen 1"]
[BlackTeam "Rheinland-Pfalz"]
[WhiteFideId "1270509"]
[BlackFideId "12942430"]
[EventCountry "GER"]
[EventRounds "7"]
[EventType "team-swiss"]
[EventDate "2013.10.02"]

1. e4 e6 2. d4 d5 3. Nc3 dxe4 4. Nxe4 Bd7 5. Nf3 Bc6 6. Bd3 Nd7 7. Be3 Ngf6 8.
Nxf6+ Nxf6 9. O-O Bd6 10. h3 Be4 11. Re1 Bxd3 12. Qxd3 O-O 13. Rad1 c6 14. Re2
h6 15. Red2 Nd5 16. Ne5 Qc7 17. Nc4 b5 18. Nxd6 Qxd6 19. a3 Nb6 20. Re2 Nc4 21.
Qc3 a5 22. a4 Rfc8 23. Ra1 Nb6 24. axb5 cxb5 25. Qd3 Qc6 26. c3 Nd5 27. Ree1 b4
28. Rec1 bxc3 29. bxc3 Qc4 30. Qxc4 Rxc4 31. Bd2 a4 32. Ra3 Rb8 33. Rca1 Rb2
34. R3a2 Rxa2 35. Rxa2 Nc7 36. Kf1 Nb5 37. Ke2 Rxc3 38. Rxa4 Rb3 39. Rc4 Nd6
40. Rb4 Ra3 41. Rb8+ Kh7 42. Rb6 Ne4 43. Rb2 Ra4 44. Ke3 Nd6 45. Rb4 Ra3+ 46.
Ke2 Ra2 47. Ke3 Ne8 48. Rb8 Nf6 49. Rd8 Ra3+ 50. Ke2 Kg6 51. Rb8 Ne4 52. f3
Nxd2 53. Kxd2 Ra2+ 54. Ke3 Rxg2 55. Kf4 Kf6 56. h4 Rh2 57. Kg3 Rd2 58. Rb4 Rd1
59. Kf4 g6 60. Ra4 Rh1 61. Kg3 Rb1 62. Kf4 Rb5 63. Rc4 Rd5 64. Ra4 g5+ 65.
hxg5+ hxg5+ 66. Ke4 Kg6 67. Ra6 f5+ 68. Ke3 Kf6 69. Rb6 Ra5 70. Rb3 Ke7 71.
Rb7+ Kd6 72. Rg7 Ra3+ 73. Kf2 Kd5 74. Rxg5 Kxd4 75. Rg8 Ra2+ 76. Kg3 Ke3 77.
Re8 f4+ 78. Kg4 Rg2+ 79. Kh3 Rg6 80. Ra8 Kxf3 81. Ra3+ Ke4 82. Ra4+ Kf5 83.
Ra5+ e5 84. Kh2 f3 85. Kh3 Kf4 86. Kh2 f2 87. Ra4+ e4 88. Rb4 Kf3 89. Rb3+ Kf4
0-1

[Event "Deutsche Ländermeisterschaft 2013"]
[Site "Hannover GER"]
[Date "2013.10.05"]
[Round "6"]
[White "Sanati, Charlotte"]
[Black "Schulze, Lara"]
[Result "1-0"]
[Termination "normal"]
[Board "1.8"]
[WhiteTitle "12w"]
[BlackTitle "12w"]
[WhiteElo "1704"]
[BlackElo "1785"]
[WhiteTeam "Rheinland-Pfalz"]
[BlackTeam "Niedersachsen 1"]
[WhiteFideId "12907707"]
[BlackFideId "12956830"]
[EventCountry "GER"]
[EventRounds "7"]
[EventType "team-swiss"]
[EventDate "2013.10.02"]

1. e4 c5 2. Nf3 Nc6 3. d4 cxd4 4. Nxd4 g6 5. Nc3 Bg7 6. Be3 Nf6 7. Bc4 O-O 8.
O-O d6 9. h3 Bd7 10. Re1 Qa5 11. Bb3 Rfc8 12. f4 Nxd4 13. Bxd4 Bc6 14. e5 dxe5
15. fxe5 Nd5 16. Qf3 Rd8 17. Rad1 e6 18. Rf1 Qc7 19. Ne4 Bxe5 20. Bxe5 Qxe5 21.
Qxf7+ Kh8 22. Bxd5 Bxd5 23. Nf6 Qe3+ 24. Kh2 Qh6 25. Nxd5 exd5 26. Qxb7 Rab8
27. Qc6 Rbc8 28. Qe6 Qg7 29. Rf7 Qh6 30. Rxd5 1-0

[Event "Deutsche Ländermeisterschaft 2013"]
[Site "Hannover GER"]
[Date "2013.10.05"]
[Round "6"]
[White "Mons, Leon"]
[Black "Neef, Maximilian"]
[Result "1/2-1/2"]
[Termination "normal"]
[Board "2.1"]
[WhiteTitle "18"]
[BlackTitle "18"]
[WhiteElo "2439"]
[BlackElo "2252"]
[WhiteTeam "Bayern"]
[BlackTeam "Sachsen"]
[WhiteFideId "4614950"]
[BlackFideId "24692085"]
[EventCountry "GER"]
[EventRounds "7"]
[EventType "team-swiss"]
[EventDate "2013.10.02"]

1. e4 e6 2. d4 d5 3. Nd2 c5 4. Ngf3 Nc6 5. exd5 exd5 6. Bb5 Bd6 7. O-O cxd4 8.
Nb3 Nge7 9. Nbxd4 O-O 10. h3 Bd7 11. Bd3 Ng6 12. Bg5 f6 13. Be3 Nce5 14. Bxg6
hxg6 15. Nb5 Nxf3+ 16. Qxf3 Bh2+ 17. Kxh2 Bxb5 18. Rfd1 Bc6 19. Qg3 Qe7 20.
Qxg6 Qe5+ 21. Kg1 Qxb2 22. Bd4 Qb4 23. c3 Qe7 24. Re1 Qf7 25. Qg3 a6 26. Re3
Rae8 27. Rae1 Re4 28. f3 Rxe3 29. Rxe3 Re8 30. Rxe8+ Bxe8 1/2-1/2

[Event "Deutsche Ländermeisterschaft 2013"]
[Site "Hannover GER"]
[Date "2013.10.05"]
[Round "6"]
[White "Möhn, Hans"]
[Black "Berchtenbreiter, Maximilian"]
[Result "0-1"]
[Termination "normal"]
[Board "2.2"]
[WhiteTitle "18"]
[BlackTitle "20"]
[WhiteElo "2184"]
[BlackElo "2405"]
[WhiteTeam "Sachsen"]
[BlackTeam "Bayern"]
[WhiteFideId "24647837"]
[BlackFideId "24641120"]
[EventCountry "GER"]
[EventRounds "7"]
[EventType "team-swiss"]
[EventDate "2013.10.02"]

1. e4 e6 2. d4 d5 3. Nc3 Nf6 4. e5 Nfd7 5. f4 c5 6. Nf3 Nc6 7. Be3 a6 8. Qd2 b5
9. a3 g5 10. fxg5 cxd4 11. Nxd4 Ndxe5 12. Be2 Bg7 13. O-O Bb7 14. Nxc6 Bxc6 15.
Bd4 Nc4 16. Qf4 Bxd4+ 17. Qxd4 Qb6 18. Qxb6 Nxb6 19. Rae1 Ke7 20. Bh5 Be8 21.
Rf6 h6 22. Rxh6 Rxh6 23. gxh6 f5 24. Bxe8 Rxe8 25. a4 bxa4 26. Ra1 Rh8 27. Nxa4
Nc4 28. b4 a5 29. bxa5 Nxa5 30. Nc5 Nc4 31. h7 Kd6 32. Nb7+ Kc7 33. Nc5 Kd6 34.
Nb7+ Ke5 35. Re1+ Kf6 36. Nc5 e5 37. Ra1 Rxh7 38. Ra6+ Kg5 39. Ne6+ Kh5 40. Kf2
f4 41. Kf3 Rf7 42. c3 Rb7 43. Rc6 Nd2+ 44. Ke2 Rb2 45. Nc7 Ne4+ 46. Kf1 Rf2+
47. Kg1 Rc2 48. Kf1 Nxc3 49. Nxd5 Rc1+ 50. Kf2 Nd1+ 0-1

[Event "Deutsche Ländermeisterschaft 2013"]
[Site "Hannover GER"]
[Date "2013.10.05"]
[Round "6"]
[White "Ott, Florian"]
[Black "Richter, Leonard"]
[Result "0-1"]
[Termination "normal"]
[Board "2.3"]
[WhiteTitle "16"]
[BlackTitle "16"]
[WhiteElo "2086"]
[BlackElo "2020"]
[WhiteTeam "Bayern"]
[BlackTeam "Sachsen"]
[WhiteFideId "12900281"]
[BlackFideId "12900290"]
[EventCountry "GER"]
[EventRounds "7"]
[EventType "team-swiss"]
[EventDate "2013.10.02"]

1. e4 c5 2. Nf3 d6 3. d4 cxd4 4. Nxd4 Nf6 5. Nc3 a6 6. Bg5 e6 7. f4 Nbd7 8. Qf3
Qc7 9. O-O-O b5 10. Bd3 Bb7 11. a3 Qb6 12. Nb3 Rc8 13. Rhe1 Be7 14. Qh3 e5 15.
Kb1 Rxc3 16. bxc3 O-O 17. f5 Rc8 18. Be3 Qc7 19. Bc1 Nb6 20. Bb2 Na4 21. Qe3
Nxb2 22. Kxb2 Qxc3+ 23. Ka2 Qc7 24. Rc1 d5 25. Nd2 Qa5 0-1

[Event "Deutsche Ländermeisterschaft 2013"]
[Site "Hannover GER"]
[Date "2013.10.05"]
[Round "6"]
[White "Urban, Konstantin"]
[Black "Gretz, Denis"]
[Result "0-1"]
[Termination "normal"]
[Board "2.4"]
[WhiteTitle "14"]
[BlackTitle "14"]
[WhiteElo "1842"]
[BlackElo "1922"]
[WhiteTeam "Sachsen"]
[BlackTeam "Bayern"]
[WhiteFideId "12927511"]
[BlackFideId "12945188"]
[EventCountry "GER"]
[EventRounds "7"]
[EventType "team-swiss"]
[EventDate "2013.10.02"]

1. e4 c5 2. Nf3 Nc6 3. d4 cxd4 4. Nxd4 Nf6 5. Nc3 e5 6. Ndb5 d6 7. Bg5 a6 8.
Na3 b5 9. Nd5 Be7 10. Nxe7 Nxe7 11. Bd3 Bb7 12. Qe2 Rc8 13. Nb1 d5 14. f3 O-O
15. Bxf6 gxf6 16. O-O Ng6 17. g3 dxe4 18. fxe4 Qd4+ 19. Qf2 Qxb2 20. Nd2 Rfd8
21. Qxf6 Qd4+ 22. Qf2 Kg7 23. Nb3 Qxf2+ 24. Rxf2 Bc6 25. Raf1 Be8 26. Nd2 Rd4
27. Rf5 Ra4 28. h4 Rxa2 29. h5 Ne7 30. Rxe5 Nc6 31. Rg5+ Kf8 32. Rc5 Bd7 33.
Nf3 h6 34. e5 Nb4 35. Rxc8+ Bxc8 36. Be4 Nxc2 37. Nh4 Be6 38. Nf5 Bxf5 39. Rxf5
Nd4 40. Rf2 Rxf2 41. Kxf2 Ke7 42. Ke3 Ne6 43. Bd5 Kd7 44. g4 Ke7 45. Bxe6 Kxe6
46. g5 Ke7 47. gxh6 Kf8 48. Kf4 b4 49. Kf5 b3 50. Kf6 Kg8 51. h7+ Kxh7 52. Kxf7
b2 0-1

[Event "Deutsche Ländermeisterschaft 2013"]
[Site "Hannover GER"]
[Date "2013.10.05"]
[Round "6"]
[White "Kempe, Anne"]
[Black "Siegl, Melina"]
[Result "0-1"]
[Termination "normal"]
[Board "2.6"]
[WhiteTitle "14w"]
[BlackTitle "16w"]
[WhiteElo "1790"]
[BlackElo "1784"]
[WhiteTeam "Sachsen"]
[BlackTeam "Bayern"]
[WhiteFideId "12918083"]
[BlackFideId "1272126"]
[EventCountry "GER"]
[EventRounds "7"]
[EventType "team-swiss"]
[EventDate "2013.10.02"]

1. e4 e6 2. d4 d5 3. Nc3 h6 4. exd5 exd5 5. Bd3 Nf6 6. Nge2 c5 7. Bb5+ Nc6 8.
dxc5 Bxc5 9. Nd4 O-O 10. Nce2 Nxd4 11. Nxd4 Bxd4 12. O-O Qb6 13. Bd3 Bg4 14.
Qd2 Rfe8 15. c3 Be5 16. Kh1 Ne4 17. Qc2 Bc7 18. f3 Qd6 19. g3 Nxg3+ 20. hxg3
Qxg3 21. Qg2 Qh4+ 22. Kg1 Bh3 23. Qd2 Bb6+ 24. Kh1 Bxf1+ 25. Qh2 Qxh2+ 0-1

[Event "Deutsche Ländermeisterschaft 2013"]
[Site "Hannover GER"]
[Date "2013.10.05"]
[Round "6"]
[White "Reimann, Sebastian"]
[Black "Nobis, Anna"]
[Result "1-0"]
[Termination "normal"]
[Board "2.7"]
[WhiteTitle "12"]
[BlackTitle "14w"]
[WhiteElo "1670"]
[BlackElo "1749"]
[WhiteTeam "Bayern"]
[BlackTeam "Sachsen"]
[WhiteFideId "12928054"]
[BlackFideId "1270302"]
[EventCountry "GER"]
[EventRounds "7"]
[EventType "team-swiss"]
[EventDate "2013.10.02"]

1. e4 c5 2. Nf3 Nc6 3. d4 cxd4 4. Nxd4 e5 5. Nb5 d6 6. N1c3 a6 7. Na3 Be7 8.
Nd5 Nf6 9. Nxf6+ Bxf6 10. c4 O-O 11. Be2 Nd4 12. O-O Nxe2+ 13. Qxe2 Be6 14. Nc2
Rb8 15. Nb4 Be7 16. Be3 f5 17. f3 Bg5 18. Bf2 f4 19. Nd5 Bh4 20. Bb6 Qd7 21. a4
Rbc8 22. a5 g5 23. Rfd1 g4 24. c5 gxf3 25. gxf3 Kh8 26. Kh1 Rg8 27. cxd6 Bh3
28. Nxf4 exf4 29. Bd4+ Rg7 30. Rg1 Rcg8 31. Rxg7 Rxg7 32. Rg1 h5 33. Bxg7+ Kh7
34. Bf8 Bf6 35. e5 Qe8 36. Qe4+ Kh8 37. exf6 Qxf8 38. Qe7 Qh6 39. Qe8+ Kh7 40.
Qg8# 1-0

[Event "Deutsche Ländermeisterschaft 2013"]
[Site "Hannover GER"]
[Date "2013.10.05"]
[Round "6"]
[White "Bui, Ngoc Han Julia"]
[Black "Böse, Carolin"]
[Result "1-0"]
[Termination "normal"]
[Board "2.8"]
[WhiteTitle "12w"]
[BlackTitle "12w"]
[WhiteElo "1386"]
[BlackElo "1219"]
[WhiteTeam "Sachsen"]
[BlackTeam "Bayern"]
[WhiteFideId "12977055"]
[BlackFideId "12929646"]
[EventCountry "GER"]
[EventRounds "7"]
[EventType "team-swiss"]
[EventDate "2013.10.02"]

1. e4 e6 2. d4 d5 3. Nd2 Nc6 4. Ngf3 Nf6 5. e5 Nd7 6. Be2 f6 7. exf6 Qxf6 8.
Nb3 e5 9. dxe5 Ndxe5 10. Qxd5 Be6 11. Qd1 Rd8 12. Nfd2 Bxb3 13. axb3 Bc5 14.
O-O Rd4 15. Qe1 O-O 16. c3 Rf4 17. Bf3 Ng4 18. Ne4 Qh4 19. Bxf4 Rxf4 20. Bxg4
Ne5 21. Nxc5 Nxg4 22. h3 Nf6 23. Rxa7 g5 24. Ra8+ Kg7 25. Ne6+ Kg6 26. Nxf4+
gxf4 27. Qe6 Kg5 28. Qe5+ Kg6 29. Rf8 1-0

[Event "Deutsche Ländermeisterschaft 2013"]
[Site "Hannover GER"]
[Date "2013.10.05"]
[Round "6"]
[White "Kuckling, Hannah"]
[Black "Pixa, Richard"]
[Result "1-0"]
[Termination "normal"]
[Board "3.1"]
[WhiteTitle "18w"]
[BlackTitle "16"]
[WhiteElo "1953"]
[BlackElo "1929"]
[WhiteTeam "Nordrhein-Westfalen"]
[BlackTeam "Berlin"]
[WhiteFideId "24603660"]
[BlackFideId "4626095"]
[EventCountry "GER"]
[EventRounds "7"]
[EventType "team-swiss"]
[EventDate "2013.10.02"]

1. e4 e6 2. d4 d5 3. Nd2 Nf6 4. e5 Nfd7 5. Bd3 c5 6. c3 Nc6 7. Ne2 cxd4 8. cxd4
f6 9. exf6 Nxf6 10. O-O Bd6 11. Nf3 Qc7 12. Bg5 O-O 13. Rc1 Bd7 14. Re1 Ne4 15.
Ng3 Nxg3 16. hxg3 h6 17. Bd2 Qb6 18. Bc3 Rae8 19. Bb1 Rf6 20. Qc2 g6 21. Ne5
Re7 22. Ng4 Ref7 23. Nxh6+ Kg7 24. Nxf7 Kxf7 25. Qd2 Kg7 26. Re3 Be7 27. Rce1
Nd8 28. g4 Rf8 29. Rh3 Nf7 30. Qd3 Nh8 31. Rxh8 Rxh8 32. Qxg6+ Kf8 33. Re3 1-0

[Event "Deutsche Ländermeisterschaft 2013"]
[Site "Hannover GER"]
[Date "2013.10.05"]
[Round "6"]
[White "Greßmann, Moritz"]
[Black "Schröder, Kevin"]
[Result "1/2-1/2"]
[Termination "normal"]
[Board "3.2"]
[WhiteTitle "14"]
[BlackTitle "14"]
[WhiteElo "1889"]
[BlackElo "2063"]
[WhiteTeam "Berlin"]
[BlackTeam "Nordrhein-Westfalen"]
[WhiteFideId "24695084"]
[BlackFideId "12929840"]
[EventCountry "GER"]
[EventRounds "7"]
[EventType "team-swiss"]
[EventDate "2013.10.02"]

1. e4 e5 2. Nf3 Nf6 3. Nc3 Nc6 4. d4 Bb4 5. Bg5 h6 6. Bxf6 Qxf6 7. d5 Ne7 8. a3
Bxc3+ 9. bxc3 O-O 10. g3 Qg6 11. Qd3 d6 12. Nh4 Qh7 13. O-O-O g5 14. Ng2 f5 15.
f3 Bd7 16. c4 Be8 17. Qe3 Rf6 18. Bd3 fxe4 19. fxe4 Bh5 20. Rdf1 Rxf1+ 21. Rxf1
b6 22. h4 Qg7 23. hxg5 Qxg5 24. Qxg5+ hxg5 25. Ne3 Rf8 26. Rxf8+ Kxf8 27. Kd2
Kg7 28. Kc3 Kf6 29. Kb4 Be8 30. Be2 Ng8 31. Bf3 Kg6 32. Bg4 Nf6 33. Bf5+ Kh5
34. Kc3 g4 35. Kd3 Kg5 36. Nf1 Nh5 37. Ke3 b5 38. Kd3 bxc4+ 39. Kxc4 a6 40. Kd3
Bb5+ 41. c4 Be8 42. Ke3 Ba4 43. Kf2 Bb3 44. Nd2 Bc2 45. Kg2 Nf6 46. Kf2 Nh5 47.
Kg2 Bd1 48. Kf2 Kf6 49. Ke1 Bc2 50. Kf2 Kg5 1/2-1/2

[Event "Deutsche Ländermeisterschaft 2013"]
[Site "Hannover GER"]
[Date "2013.10.05"]
[Round "6"]
[White "Meyers, Mark"]
[Black "Donath, Johann"]
[Result "1/2-1/2"]
[Termination "normal"]
[Board "3.3"]
[WhiteTitle "16"]
[BlackTitle "16"]
[WhiteElo "1916"]
[BlackElo "1967"]
[WhiteTeam "Nordrhein-Westfalen"]
[BlackTeam "Berlin"]
[WhiteFideId "12927716"]
[BlackFideId "24685160"]
[EventCountry "GER"]
[EventRounds "7"]
[EventType "team-swiss"]
[EventDate "2013.10.02"]

1. c4 e5 2. g3 Nf6 3. Bg2 d5 4. cxd5 Nxd5 5. Nf3 Nc6 6. d3 Be7 7. O-O Nb6 8. a3
a5 9. Nc3 Be6 10. Be3 Nd5 11. Nxd5 Bxd5 12. Rc1 O-O 13. Qc2 Re8 14. Rfd1 Rc8
15. d4 e4 16. Ne5 f5 17. Nxc6 bxc6 18. Bd2 Rb8 19. Re1 Bb3 20. Qxc6 Bd5 21. Qc2
c6 22. Bc3 Bb3 23. Qd2 a4 24. Ba5 Qd5 25. Bc7 Rbc8 26. Be5 c5 27. e3 c4 28. Rf1
Bd8 29. Qe2 c3 30. Rxc3 Rxc3 31. bxc3 Bc4 32. Qh5 g6 33. Qh6 Rxe5 34. dxe5 Bxf1
35. Bxf1 Bc7 36. Qg5 Qxe5 37. h4 Kg7 38. h5 Qf6 39. h6+ Kf7 40. Bc4+ Ke7 41.
Qxf6+ Kxf6 42. Bb5 Bd6 43. Bxa4 Bxa3 44. g4 Kg5 45. gxf5 gxf5 46. Bd7 f4 47.
Bc6 Kf5 48. Bd5 Ke5 49. Bg8 Bf8 50. exf4+ Kxf4 51. Bxh7 e3 52. Bd3 1/2-1/2

[Event "Deutsche Ländermeisterschaft 2013"]
[Site "Hannover GER"]
[Date "2013.10.05"]
[Round "6"]
[White "Leyrer, Thomas"]
[Black "Sabirov, Ramil"]
[Result "0-1"]
[Termination "normal"]
[Board "3.4"]
[WhiteTitle "16"]
[BlackTitle "16"]
[WhiteElo "1769"]
[BlackElo "1887"]
[WhiteTeam "Berlin"]
[BlackTeam "Nordrhein-Westfalen"]
[WhiteFideId "12908274"]
[BlackFideId "12900303"]
[EventCountry "GER"]
[EventRounds "7"]
[EventType "team-swiss"]
[EventDate "2013.10.02"]

1. d4 Nf6 2. c4 g6 3. f3 e5 4. dxe5 Nh5 5. g3 d6 6. Nc3 Nc6 7. exd6 Bxd6 8. c5
Nxg3 9. cxd6 Nxh1 10. Be3 Qh4+ 11. Kd2 Bf5 12. Qe1 Qxh2 13. Rd1 O-O-O 14. Kc1
Rxd6 15. Rxd6 cxd6 16. f4 Ng3 17. Nf3 Qh1 18. Qxg3 Qxf1+ 19. Qe1 Qxe1+ 20. Nxe1
h5 21. Nb5 Kd7 22. Nf3 h4 0-1